000 00382nam a2200169Ia 4500
001 515
003 IN-NITTTR
005 20251114232858.0
008 251113s9999||||xx |||||||||||||| ||eng||
040 _beng
040 _cIN-NITTTR
041 _aeng
082 _a531 B812M
100 _aBrown, R. C.
245 0 _aMechanics and properties of matter /
_cBrown, R. C.
942 _2ddc
_cBK
999 _c51
_d51